Normal view
MARC view
- تأليف الأميري، عمر بهاء الدين
Entry Personal Name
001 - CONTROL NUMBER
- control field: 12764
003 - CONTROL NUMBER IDENTIFIER
- control field: JO-AjAnu
005 - DATE AND TIME OF LATEST TRANSACTION
- control field: 20230606072339.0
008 - FIXED-LENGTH DATA ELEMENTS
- fixed length control field: 230606|| aca||aabn | a|a d
040 ## - CATALOGING SOURCE
- Original cataloging agency: JO-AjAnu
- Transcribing agency: JO-AjAnu
100 ## - HEADING--PERSONAL NAME
- Personal name: تأليف الأميري، عمر بهاء الدين
670 ## - SOURCE DATA FOUND
- Source citation: Work cat.: (JO-AjAnu)6568: تأليف الأميري، عمر بهاء الدين, author, صفحات ونفحات: خواطر..وذريات..وتجليات شعر وفكر